U.S. & Canadian Geography on a Map - Statistics

General Stats
  • This quiz has been taken 39,900 times
    37,760 since last reset
  • The average score is 80 of 155
Answers on the Map
Answers color-coded by a green-red scale on the quiz's map according to % correct below.
 
Answer Stats
Group Answer % Correct
state New Mexico
93%
state Louisiana
91%
state Montana
91%
lake Michigan
90%
river Mississippi
90%
state South Carolina
90%
state West Virginia
88%
state Iowa
87%
olympiccity Los Angeles
85%
island | olympiccity Vancouver
85%
state New Hampshire
84%
city Toronto
84%
state Connecticut
83%
peninsula Florida Peninsula
83%
state Newfoundland and Labrador
83%
capital Phoenix
81%
capital Boston
80%
city New York
80%
olympiccity Atlanta
78%
capital Denver
78%
river Missouri
78%
lake Superior
78%
city Chicago
77%
lake Erie
77%
city Miami
77%
olympiccity Montreal
77%
river Colorado
76%
city Detroit
76%
lake Ontario
76%
capital Honolulu
75%
city Houston
75%
state Manitoba
75%
city Seattle
75%
capital Indianapolis
74%
olympiccity Salt Lake City
74%
capital Quebec City
73%
river Rio Grande
73%
lake Huron
71%
city New Orleans
71%
olympiccity Calgary
70%
capital Edmonton
70%
lake Great Salt
69%
mountain Denali
68%
bodyofwater Hudson Bay
68%
state Prince Edward Island
68%
bodyofwater San Francisco Bay
68%
river Yukon
68%
capital Boise
67%
state Northwest Territories
67%
national park Yellowstone
67%
bodyofwater Atlantic Ocean
66%
capital Des Moines
66%
city Las Vegas
66%
river Ohio
66%
bodyofwater Pacific Ocean
66%
city Portland
66%
city Buffalo
65%
city Minneapolis
65%
bodyofwater Gulf of Mexico
64%
city Jacksonville
63%
capital Richmond
63%
bodyofwater Hudson Strait
62%
island Long Island
62%
olympiccity Saint Louis
61%
city Albuquerque
60%
city Memphis
60%
bodyofwater Arctic Ocean
59%
island Oʻahu
59%
bodyofwater Baffin Bay
57%
national park Everglades
57%
bodyofwater Bering Sea
56%
capital Augusta
55%
bodyofwater Gulf of Saint Lawrence
55%
city Cincinnati
54%
mountain Mount Washington
54%
capital Victoria
54%
bodyofwater Gulf of Alaska
53%
lake Winnipeg
53%
river Saint Lawrence
52%
city Anchorage
51%
national park Grand Canyon
51%
national park Yosemite
51%
capital Halifax
50%
city San Jose
50%
river Arkansas
49%
city Omaha
49%
city Tulsa
49%
mountain Mount St. Helens
48%
capital Regina
48%
capital Yellowknife
48%
island Aleutian Islands
46%
city Savannah
46%
city Saskatoon
45%
river Columbia
43%
city Fargo
43%
lake Tahoe
43%
national park Banff
42%
national park Death Valley
42%
mountain Mount Rainier
42%
city Wichita
42%
bodyofwater Labrador Sea
41%
city Billings
40%
bodyofwater Chesapeake Bay
40%
river Potomac
40%
capital Whitehorse
40%
mountain Mauna Kea
39%
river Red
39%
lake Great Bear
38%
lake Great Slave
38%
olympiccity Lake Placid
38%
island Ellesmere
36%
bodyofwater Gulf of Maine
34%
river Snake
34%
peninsula Cape Cod
33%
peninsula Upper Peninsula
32%
mountain Mount Rushmore
31%
city Norfolk
31%
bodyofwater Puget Sound
31%
peninsula Lower Peninsula
30%
bodyofwater Bay of Fundy
28%
capital Iqaluit
28%
national park Great Smoky Mountains
27%
national park Joshua Tree
27%
city Sault Ste. Marie
26%
national park Zion
25%
island Kodiak
24%
river Mackenzie
24%
mountain Mount Hood
24%
mountain Mount Whitney
24%
bodyofwater Northwest Passage
23%
mountain Mount Logan
22%
peninsula Olympic
22%
national park Jasper
21%
island Banks
19%
bodyofwater Beaufort Sea
17%
island Cape Breton
16%
peninsula Delmarva
15%
olympiccity Palisades Tahoe
15%
lake Saint Clair
14%
bodyofwater Chukchi Sea
13%
bodyofwater Davis Strait
13%
island Anticosti
12%
island Devon
12%
bodyofwater Salish Sea
12%
lake Athabasca
11%
mountain Mount Elbert
11%
mountain Mount Mitchell
10%
island Southampton
10%
mountain Mount Saint Elias
8%
mountain Mount Thor
8%
river Nelson
8%
island Somerset
8%
island Bathurst
7%
mountain Mount Robson
7%
No matching quizzes found
Score Distribution
Percent of People with Each Score
Percentile by Number Answered
Your Score History
You have not taken this quiz since the last reset